Burocratizacin̤ y modos de gestin̤ en los servicios pb︢licos

Detalles Bibliográficos
Autor principal: Varela Barrios, Edgar
Formato: eBook
Lenguaje:español
Publicado: Bogot ̀: ECOE, 2008
Materias:
Acceso en línea:http://www.vlex.com/source/7664

MARC

LEADER 00000nam a22000007a 4500
005 20130327100349.0
007 cr|||| ||||
008 130327e2008 ck |||||s|||| 00||0 spa d
020 |a 978-958-648-570-8 
035 |a 7664 
040 |a vLex 
090 |c 4042  |d 4042 
100 1 0 |a Varela Barrios, Edgar  
245 1 0 |a Burocratizacin̤ y modos de gestin̤ en los servicios pb︢licos  |c / Edgar Varela Barrios   |h [Recurso electrn̤ico] 
256 |a Servicio en ln̕ea 
260 |a Bogot ̀:   |b ECOE,   |c 2008  
300 |a 1 Recurso electrn̤ico 
506 |d vLex Global  |d vLex Global (Academic Edition, excluding Law Schools)  |d vLex Global (U.S. Academic Edition, Law Schools)  |d vLex Global (U.S. Academic Edition, excluding Law Schools)  |d vLex Global (Academic Edition, Law Schools) 
650 0 4 |a Derecho administrativo 
650 0 4 |a Administracin̤ (Management) 
740 |a vLex Libros (Servicio en ln̕ea) 
856 |a Acceso restringido  |u http://www.vlex.com/source/7664 
942 |c BOOK 
999 0 |a Administrative law